Bão táp Tiểu thuyết, 2 tập T.2

Uloženo v:
Podrobná bibliografie
Hlavní autor: Ilya, Erenbua
Další autoři: Vũ Trần Thủ (Dịch), Vương Trí Nhàn
Médium: Kniha
Vydáno: H. Văn học 1985
Edice:Văn học hiện đại nước ngoài. Văn học Xô Viết
Témata:
Tagy: Přidat tag
Žádné tagy, Buďte první, kdo otaguje tento záznam!
Thư viện lưu trữ: Trung tâm Học liệu Lê Vũ Hùng, Trường Đại học Đồng Tháp
LEADER 00968pam a22002658a 4500
001 00021308
005 20171026081022.0
008 110524s1985 ||||||Viesd
041 0 # |a Vie 
082 1 4 |a 891.73  |b B109T 
100 0 # |a Ilya, Erenbua 
245 0 0 |a Bão táp  |b Tiểu thuyết, 2 tập  |c Erenbua Ilya; Vũ Trần Thủ dịch, Vương Trí Nhàn  |n T.2 
260 # # |a H.  |b Văn học  |c 1985 
300 # # |a 458 tr.  |c 19 cm. 
490 # # |a Văn học hiện đại nước ngoài. Văn học Xô Viết 
650 # 4 |a Văn học Liên Xô 
650 # 4 |a Văn học nước ngoài 
653 # # |a Tiểu thuyết 
700 0 # |a Vũ Trần Thủ  |e Dịch 
700 0 # |a Vương Trí Nhàn 
852 # # |b Kho mượn  |j KM.0011123 
852 # # |b Kho đọc  |j KD.0006668 
852 # # |j KD.0006668  |j KM.0011123 
910 0 # |a Đức  |d 24/05/2011 
980 # # |a Trung tâm Học liệu Lê Vũ Hùng, Trường Đại học Đồng Tháp